|
|
|
|
| LEADER |
01809cas a2200241 a 4500 |
| 001 |
AALejournalIMF005014 |
| 008 |
230101c9999 xx r poo 0 0eng d |
| 020 |
|
|
|c 5.00 USD
|
| 020 |
|
|
|z 9781451826944
|
| 022 |
|
|
|a 1934-7685
|
| 040 |
|
|
|a BD-DhAAL
|c BD-DhAAL
|
| 110 |
2 |
|
|a International Monetary Fund.
|
| 245 |
1 |
0 |
|a Mongolia :
|b Report on the Observance of Standards and Codes; Data Module, Response by the Authorities, and Detailed Assessment Using the Data Quality Assessment Framework (DQAF).
|
| 264 |
|
1 |
|a Washington, D.C. :
|b International Monetary Fund,
|c 2008.
|
| 300 |
|
|
|a 1 online resource (163 pages)
|
| 490 |
1 |
|
|a IMF Staff Country Reports
|
| 500 |
|
|
|a <strong>Off-Campus Access:</strong> No User ID or Password Required
|
| 500 |
|
|
|a <strong>On-Campus Access:</strong> No User ID or Password Required
|
| 506 |
|
|
|a Electronic access restricted to authorized BRAC University faculty, staff and students
|
| 520 |
3 |
|
|a Mongolia meets many of the General Data Dissemination System (GDDS) recommendations for coverage, periodicity, and timeliness. The major exceptions include the following: the incomplete coverage of the international investment position; the nonavailability of a primary commodity, agricultural, or other relevant production index; the producer price index; wages and earnings; nonguaranteed private external debt; as well as the nondissemination of data on central government debt and government-guaranteed debt; public and publicly guaranteed external debt and debt service schedule; gross official reserves; and reserve-related liabilities.
|
| 538 |
|
|
|a Mode of access: Internet
|
| 830 |
|
0 |
|a IMF Staff Country Reports; Country Report ;
|v No. 2008/123
|
| 856 |
4 |
0 |
|z Full text available on IMF
|u http://elibrary.imf.org/view/journals/002/2008/123/002.2008.issue-123-en.xml
|z IMF e-Library
|